Ewige Tabelle der 3. Liga - Statistiken

Allgemein
  • Dieses Quiz wurde 291 mal gespielt
  • Das Durchschnittsergebnis liegt bei 37 aus 55
Antwortstatistiken
Platz Punkte Antwort % Korrekt
13 299 SG Dynamo Dresden
91%
49 44 TSV 1860 München
89%
6 416 FC Hansa Rostock
88%
25 202 1.FC Magdeburg
86%
42 79 RB Leipzig
86%
2 524 VfL Osnabrück
85%
21 232 Eintracht Braunschweig
83%
43 78 1.FC Union Berlin
82%
1 537 SV Wehen Wiesbaden
82%
48 45 1.FC Kaiserslautern
81%
29 190 1.FC Saarbrücken
80%
14 273 FC Carl Zeiss Jena
80%
3 478 FC Rot-Weiß-Erfurt
80%
28 191 MSV Duisburg
80%
20 233 SC Fortuna Köln
80%
36 135 FC Energie Cottbus
79%
45 64 FC Ingolstadt 04
78%
54 26 Alemannia Aachen
77%
23 210 Karlsruher SC
77%
9 347 Chemnitzer FC
76%
55 25 FSV Frankfurt
76%
8 354 Hallescher FC
76%
27 195 SC Paderborn 07
76%
5 429 Preußen Münster
75%
26 200 Arminia Bielefeld
74%
4 435 SpVgg Unterhaching
74%
30 186 FC Erzgebirge Aue
71%
35 143 FSV Zwickau
71%
33 159 SV Darmstadt 98
71%
50 44 KFC Uerdingen 05
70%
10 347 SSV Jahn Regensburg
69%
18 263 Kickers Offenbach
68%
11 321 1.FC Heidenheim
65%
22 228 Stuttgarter Kickers
65%
31 170 Würzburger Kickers
64%
24 209 SV Sandhausen
63%
40 101 SV Meppen
61%
44 69 Fortuna Düsseldorf
59%
53 38 Rot-Weiss Oberhausen
59%
12 316 VfR Aalen
57%
34 143 FC Bayern München 2
56%
32 165 Borussia Dortmund 2
55%
17 264 SV Werder Bremen 2
54%
19 236 SG Sonnenhof Großaspach
53%
41 83 Wuppertaler SV
53%
47 49 TuS Koblenz
52%
38 127 Sportfreunde Lotte
51%
51 40 SV Elversberg
48%
7 369 VfB Stuttgart 2
48%
52 39 Rot-Weiss Ahlen
44%
15 268 Wacker Burghausen
43%
37 130 1.FSV Mainz 05 2
41%
39 127 SV Babelsberg 03
40%
46 59 Kickers Emden
36%
16 265 KSV Holstein Kiel
15%
Keine übereinstimmenden Quizze gefunden
Verteilung der Resultate
Anzahl Personen mit jedem Resultat
Perzentil nach korrekt beantworteten Fragen
Ihre Resultats-Entwicklung
Sie haben dieses Quiz noch nicht gespielt